000 00438nam a2200157Ia 4500
005 20241107100956.0
008 240126s9999 xx 000 0 und d
020 _a9780143426189
082 _a330.0954 TRA;1 R
100 _aTrautmann, Thomas R.
245 0 _aArthashastra : the science of wealth
260 _bPenguin Random House
_aHaryana
_c2012
300 _axxvi, 180
440 _aThe stories of Indian business
942 _cPU
999 _c287260
_d287260